| Поле | Название | Значение |
| |
Тип записи |
a |
| |
Библиографический уровень |
m |
| 001 |
Контрольный номер |
RU\infra-m\znanium\bibl\2171816 |
| 005 |
Дата корректировки |
20260429142124.8 |
| 008 |
Кодируемые данные |
240909s2024 RU g rus u |
| 020 |
Индекс ISBN |
__ |
| a |
ISBN |
978-5-9729-1965-9 |
| 040 |
Источник каталогиз. |
__ |
| a |
Служба первич. каталог. |
Общество с ограниченной ответственностью «ЗНАНИУМ» |
| 041 |
Код языка издания |
__ |
| a |
Код языка текста |
rus |
| 044 |
Код страны публикации |
__ |
| a |
Код страны публикации |
RU |
| 080 |
Индекс УДК |
__ |
| a |
Индекс УДК |
52 |
| 084 |
Индекс другой классификации/Индекс ББК |
__ |
| 2 |
Источник индекса |
rubbk |
| a |
Индекс другой классификации/Индекс ББК |
226 |
| 084 |
Индекс другой классификации/Индекс ББК |
__ |
| 2 |
Источник индекса |
okso |
| a |
Индекс другой классификации/Индекс ББК |
03.04.02 |
| 084 |
Индекс другой классификации/Индекс ББК |
__ |
| 2 |
Источник индекса |
okso |
| a |
Индекс другой классификации/Индекс ББК |
03.05.01 |
| 084 |
Индекс другой классификации/Индекс ББК |
__ |
| 2 |
Источник индекса |
okso |
| a |
Индекс другой классификации/Индекс ББК |
03.05.02 |
| 100 |
Автор |
__ |
| a |
Автор |
Бородина Е.Г. |
| q |
Полное имя |
Бородина Евгения Григорьевна |
| u |
Дополнение |
Балтийский государственный технический университет "ВОЕНМЕХ" им. Д.Ф. Устинова |
| 245 |
Заглавие |
__ |
| a |
Заглавие |
Формирование физической картины мира |
| b |
Продолж. заглавия |
Учебное пособие; Учебное пособие |
| c |
Ответственность |
Балтийский государственный технический университет "ВОЕНМЕХ" им. Д.Ф. Устинова |
| 260 |
Выходные данные |
__ |
| a |
Место издания |
Вологда |
| b |
Издательство |
Инфра-Инженерия |
| c |
Дата издания |
2024 |
| 300 |
Физическое описание |
__ |
| a |
Объем |
296 с. |
| 520 |
Аннотация |
__ |
| a |
Аннотация |
Изложен широкий круг вопросов и проблем раскрывающих становление и эволюцию взглядов на формирование физической картины мира. Включены разделы релятивистской физики. Подробно рассмотрены основные идеи теории гравитации в их историческом развитии. Анализируются физические следствия из преобразований Галилея и Лоренца. Описываются энергия импульс и масса в СТО связь между силой и ускорением гравитационное притяжение. Даётся сравнительный анализ с теорией тяготения Ньютона. Кратко характеризуется природа массы на основе свойств бозона Хиггса. Излагаются некоторые космологические следствия современной теории тяготения. Для студентов старших курсов технических вузов а также всех кто интересуется проблемами современной физики и космологии. Может быть полезно студентам младших курсов при расширенном изучении классических проблем кинематики динамики Ньютона и теории относительности. Поможет в систематизации и обобщении знаний по курсу «Формирование физической картины мира» и развитии мировоззрения с учётом современных астрофизических исследований. |
| 521 |
Примеч. о цел. назн. |
__ |
| a |
Примеч. о целев. назн. |
Профессиональное образование |
| 650 |
Тематические рубрики |
__ |
| a |
Основная рубрика |
Физико-математические науки |
| x |
Основная подрубрика |
Теоретическая астрономия. Небесная механика |
| 655 |
Указ. предметных рубрик (устаревшее) |
__ |
| a |
Жанр/ форма (устаревшее) |
Учебное пособие |
| 856 |
Электронный адрес документа |
4_ |
| a |
Имя сервера/домена |
znanium.ru |
| m |
Помощь |
ebs_support@infra-m.ru |
| n |
Местонахождение сервера |
НИЦ ИНФРА-М |
| u |
URL |
https://znanium.ru/catalog/document?id=452839 |
| 856 |
Электронный адрес документа |
48 |
| a |
Имя сервера/домена |
znanium.ru |
| d |
Путь |
/cover/2171 |
| f |
Электронное имя |
2171816.jpg |
| q |
Тип электронного формата |
image/jpeg |
| u |
URL |
https://znanium.ru/cover/2171/2171816.jpg |
| 911 |
|
__ |
| u |
|
0030=https://znanium.ru/catalog/document?id=452839 |